Fictional Birds Quiz Stats

Quiz Updated Apr 21, 2015

Challenge
Share
Tweet
Score 0/28 Timer 07:00
5 Plays Today
Row Bird % Correct
Row 1 AcrossDonald Duck
97.1%
Row 3 AcrossTweety Bird
93.1%
Row 1 AcrossThe Road Runner
90.3%
Row 2 AcrossDaisy Duck
77.7%
Row 2 AcrossWoody Woodpecker
73.2%
Row 1 AcrossToucan Sam
69.5%
Row 3 AcrossWoodstock
68.1%
Row 4 AcrossScrooge McDuck
60%
Row 2 AcrossFoghorn Leghorn
52.7%
Row 4 AcrossIago
42.1%
Row 3 AcrossDarkwing Duck
38.9%
Row 3 AcrossZazu
37.6%
Row 1 AcrossCount Duckula
34.2%
Row 4 AcrossJovny the (Vlasic Pickle) Stork
28.5%
Row Bird % Correct
Row 1 AcrossOpus the Penguin
23.4%
Row 2 AcrossScuttle
23.3%
Row 2 AcrossBaby Huey
20.6%
Row 2 AcrossCornelius the Rooster
19.7%
Row 4 AcrossHenery Hawk
19.3%
Row 2 AcrossChilly Willy
17.4%
Row 3 AcrossSonny the Cuckoo Bird
15%
Row 3 AcrossHeckle and Jeckle
14.7%
Row 3 AcrossPlucky Duck
11.1%
Row 1 AcrossWoodsy Owl
9.4%
Row 4 AcrossWade Duck
3.6%
Row 1 AcrossSuper Chicken
3.4%
Row 4 AcrossBeaky Buzzard
2.1%
Row 4 AcrossYankee Doodle Pigeon
1%

You're not logged in!

Compare scores with friends on all Sporcle quizzes.
Join for Free
OR
Log In

You Might Also Like...

Show Comments

Extras

Top Quizzes Today


Score Distribution

Your Account Isn't Verified!

In order to create a playlist on Sporcle, you need to verify the email address you used during registration. Go to your Sporcle Settings to finish the process.

Report this User

Report this user for behavior that violates our Community Guidelines.

Details: